[Event "CAN-ch U12 Girls"]
[Site "Toronto"]
[Date "2001.03.17"]
[Round "4"]
[White "Benggawan, Amanda"]
[Black "Shishkina, Olya"]
[Result "1/2-1/2"]
[WhiteElo "1979"]
[BlackElo "1961"]
[PlyCount "48"]
[EventDate "2001.03.??"]
[EventType "tourn"]
[EventRounds "5"]
[EventCountry "CAN"]
[SourceTitle "EXT 2006"]
[Source "ChessBase"]
[SourceDate "2005.11.24"]
[SourceVersion "1"]
[SourceVersionDate "2005.11.24"]
[SourceQuality "1"]

1. e4 e6 2. d4 d5 3. e5 c5 4. dxc5 Bxc5 5. Qg4 Bf8 6. Nf3 Nc6 7. a3 g6 8. b4 Bg7 9. Bb2 Qc7 10. Qg3 Bd7 11. Nbd2 Nge7 12. Bd3 Nf5 13. Bxf5 exf5 14. 0-0 0-0 15. Rad1 b5 16. Nb3 a5 17. bxa5 Nxa5 18. Nxa5 Rxa5 19. Ne1 Rfa8 20. Nd3 Bf8 21. Nb4 Be6 22. Qd3 Bxb4 23. axb4 Ra2 24. Bd4 Qc6 1/2-1/2

[Event "CAN-ch U12 Girls"]
[Site "Toronto"]
[Date "2001.03.16"]
[Round "1"]
[White "Shishkina, Olya"]
[Black "Kagramanov, Dina"]
[Result "1-0"]
[WhiteElo "1961"]
[BlackElo "1854"]
[PlyCount "67"]
[EventDate "2001.03.??"]
[EventType "tourn"]
[EventRounds "5"]
[EventCountry "CAN"]
[SourceTitle "EXT 2006"]
[Source "ChessBase"]
[SourceDate "2005.11.24"]
[SourceVersion "1"]
[SourceVersionDate "2005.11.24"]
[SourceQuality "1"]

1. e4 c5 2. Nc3 a6 3. a4 Nc6 4. f4 e6 5. Nf3 d5 6. d3 dxe4 7. Nxe4 Nf6 8. Be2 Be7 9. 0-0 0-0 10. b3 Qc7 11. Qe1 Nb4 12. Bd1 Nbd5 13. Ne5 b6 14. Qg3 Bb7 15. Bb2 Nxe4 16. dxe4 Nf6 17. Ng4 Kh8 18. Nxf6 Bxf6 19. Bxf6 gxf6 20. Bf3 Rg8 21. Qh4 Rg6 22. Rad1 Rag8 23. Rd2 Bc6 24. Rfd1 Qb7 25. f5 exf5 26. exf5 Rg5 27. Qh6 Bxf3 28. Qxf6+ R5g7 29. Rd8 Qc8 30. Rxc8 Rxc8 31. Rd3 Be4 32. Rg3 Rcg8 33. h4 h5 34. Rg5 1-0